| 000 | 00615nam a2200253Ia 4500 | ||
|---|---|---|---|
| 008 | 171120s9999 xx 000 0 und d | ||
| 020 | _a9.7897127285e+012 | ||
| 050 | _a828.21 | ||
| 050 | _bN841 2014 | ||
| 100 | _aNoringai | ||
| 245 | _aButi pa ang Roma may papa / | ||
| 245 | _cby Noringai. | ||
| 260 | _aPhilippines : | ||
| 260 | _bAnvil, | ||
| 260 | _c2014 | ||
| 300 | _a107 pages : | ||
| 300 | _billustrations ; | ||
| 300 | _c20cm. | ||
| 650 | _aFilipino essays. | ||
| 650 | _aPhilippine essays (Filipino). | ||
| 650 | _aWit and humor -- | ||
| 650 | _xSocial aspects. | ||
| 700 | _aTitle. | ||
| 999 |
_c345397 _d345397 |
||